Catálogo público

Proceedings : (Record no. 201387)

MARC details
000 -CABECERA
campo de control de longitud fija 00807nam a2200253Ia 4500
001 - NÚMERO DE CONTROL
campo de control Para_3001
003 - IDENTIFICADOR DEL NÚMERO DE CONTROL
campo de control CHAP
008 - DATOS DE LONGITUD FIJA--INFORMACIÓN GENERAL
campo de control de longitud fija 220125s1988 xx 000 0 und d
010 ## - NÚMERO DE CONTROL DE LA BIBLIOTECA DEL CONGRESO
Número de control de LC 201387
040 ## - FUENTE DE LA CATALOGACIÓN
Centro/agencia transcriptor CHAP
082 ## - NÚMERO DE LA CLASIFICACIÓN DECIMAL DEWEY
Número de clasificación PA 632.58 S6 1988
111 ## - ENTRADA PRINCIPAL--NOMBRE DE CONGRESO/REUNIÓN
Nombre de congreso/reunión o jurisdicción como elemento de entrada Southern Weed Conference (41: 1988: Tulsa, Oklahoma)
9 (RLIN) 108981
245 ## - MENCIÓN DE TÍTULO
Título Proceedings :
Resto del título environmental legislation and its effects on weed science /
Mención de responsabilidad, etc. por Southern Weed Science Society
260 ## - PUBLICACIÓN, DISTRIBUCIÓN, ETC.
Lugar de publicación, distribución, etc. Tulsa, Oklahoma :
Nombre del editor, distribuidor, etc. The Society
300 ## - DESCRIPCIÓN FÍSICA
Extensión 477 p.
650 ## - PUNTO DE ACCESO ADICIONAL DE MATERIA--TÉRMINO DE MATERIA
Término de materia o nombre geográfico como elemento de entrada Malas hierbas
Subdivisión general Control Medio ambiente
-- Protección Herbicidas
9 (RLIN) 166295
901 ## - ELEMENTOS DE DATOS A LOCAL LDA (RLIN)
a PA 632.58 S6 1988
902 ## - ELEMENTOS DE DATOS B LOCAL, LDB (RLIN)
a A
905 ## - ELEMENTOS DE DATOS E LOCAL, LDE (RLIN)
a 0000001988 TULai 0000000000 00
910 ## - DATOS DE OPCIÓN DEL USUARIO (OCLC)
Datos de opción del usuario 1988
942 ## - ELEMENTOS DE PUNTO DE ACCESO ADICIONAL (KOHA)
Tipo de ítem Koha Parasitologia_
942 ## - ELEMENTOS DE PUNTO DE ACCESO ADICIONAL (KOHA)
Tipo de ítem Koha Parasitologia_
-- 1
Holdings
Estado de retiro Estado de pérdida Fuente del sistema de clasificación o colocación Estado dañado Restricciones de uso No para préstamo Código de colección Localización permanente Ubicación/localización actual Fecha de adquisición Número de inventario Total de préstamos Signatura topográfica completa Código de barras Fecha visto por última vez Número de copia Precio válido a partir de Tipo de ítem Koha Nota pública
    Dewey Decimal Classification   Préstamo interno   General Parasitologia Agricola Parasitologia Agricola 27/10/2005 (PA_595) (No. UACh C/E)   PA 632.58 S6 1988 4102002190 25/01/2022 Ej.1 25/01/2022 Libro 3